000 00829nab a2200253 u 4500
001 13231
003 HDC
007 cr bn ---aaaaa
008 210212c mydr|nes 0 a may d
040 _aHDC
100 _aNur Nazlina Nadzari
_eauthor
_98068
245 0 _aMarrybrown masuki Brunei September ini/
_cby Nur Nazlina Nadzari
260 _aMalaysia:
_bUtusan Malaysia,
_c2014
336 _atext
_2rdacontent
337 _acomputer
_2rdamedia
338 _aonline resource
_2rdacarrier
650 _ahalal food
_950
650 _aHalal industry
_9144
710 _aUtusan Malaysia
856 _zRequest full-text at [email protected]
942 _2lcc
942 _cNEWS
942 _kNSWC 004407
999 _c10547
_d10547